000
00321nam a22001457a 4500
008
210322b ||||| |||| 00| 0 eng d
020
_a
9780815140818
041
_a
eng
080
_a
616
082
_a
616
100
_a
9
101
_a
PAT
245
_a
Understanding Pathophysiology
_c
Huether, S. E
942
_2
udc
_c
BK
999
_c
56643
_d
56643